| 000 | 00646nam a2200301Ia 4500 | ||
|---|---|---|---|
| 005 | 20260401122411.0 | ||
| 008 | 008 250103s9999 xx 000 0 eng d | ||
| 020 | _a9780415402774 | ||
| 037 | _aTB | ||
| 040 | _aEDL | ||
| 040 | _beng | ||
| 040 | _cEDL | ||
| 041 | _2eng | ||
| 041 | _aeng | ||
| 084 | _a155.4 WIN | ||
| 084 | _qEDL | ||
| 100 | _aWinnicott, D.W. | ||
| 245 | 0 | _aFamily and Individual Development | |
| 245 | 0 | _cWinnicott, D.W. | |
| 260 | _aLondon | ||
| 260 | _bRoutledge | ||
| 260 | _c2006 | ||
| 300 | _a262p | ||
| 942 | _cTB | ||
| 942 | _h155.4 WIN | ||
| 999 |
_c1847028 _d1847028 |
||